Winter Olympics - Alpine Skiing - Statistics

General Stats
  • This quiz has been taken 1,178 times
  • The average score is 19 of 24
Answer Stats
# medals Answer % Correct
47 United States
99%
121 Austria
98%
36 Norway
97%
66 Switzerland
97%
11 Canada
96%
45 France
96%
31 Germany
96%
32 Italy
96%
18 Sweden
96%
1 Finland
91%
1 Russia
91%
1 Japan
84%
7 Slovenia
83%
2 Spain
77%
10 Croatia
75%
2 Czech Republic
74%
1 Australia
64%
2 Luxembourg
64%
1 Soviet Union
62%
10 Liechtenstein
61%
1 New Zealand
58%
2 Yugoslavia
54%
1 Czechoslovakia
49%
9 West Germany
40%
No matching quizzes found
Score Distribution
Percent of People with Each Score
Percentile by Number Answered
Your Score History
You have not taken this quiz